Players who caught a TD pass from Peyton Manning - Statistics

General Stats
  • This quiz has been taken 2,593 times
  • The average score is 9 of 45
Answer Stats
TDs Receiver % Correct
30 Demaryius Thomas
88%
21 Julius Thomas
88%
112 Marvin Harrison
81%
67 Reggie Wayne
78%
1 Emmanuel Sanders
67%
11 Wes Welker
56%
44 Dallas Clark
52%
24 Eric Decker
39%
11 Edgerrin James
37%
9 Joseph Addai
24%
3 Knowshon Moreno
23%
15 Austin Collie
21%
10 Pierre Garcon
20%
1 Lance Ball
19%
4 Marshall Faulk
19%
20 Brandon Stokley
18%
9 Jacob Tamme
17%
2 E.G. Green
16%
5 Blair White
13%
2 Ricky Williams
12%
7 Anthony Gonzalez
11%
3 Andre Caldwell
8%
34 Marcus Pollard
8%
4 Dominic Rhodes
7%
6 Joel Dreessen
5%
1 Dan Klecko
4%
7 Ken Dilger
4%
2 Ben Utecht
3%
5 Bryan Fletcher
3%
1 Gijon Robinson
3%
6 Jerome Pathon
3%
7 Terrence Wilkins
3%
7 Torrance Small
3%
1 Aaron Moorehead
2%
3 James Mungro
2%
1 Jim Finn
2%
1 Kenton Keith
2%
1 Lamont Warren
2%
1 Luke Lawton
2%
1 Mike Roberg
2%
1 Mitch Unrein
2%
3 Qadry Ismail
2%
1 Tom Santi
2%
1 Trevor Insley
2%
4 Troy Walters
2%
No matching quizzes found
Score Distribution
Percent of People with Each Score
Percentile by Number Answered
Your Score History
You have not taken this quiz